Paroles Attention au départ - Les Enfoirés - Statistiques

Statistiques générales
  • Ce quiz a été pris 109 fois
    108 depuis la dernière actualisation
  • Le résultat moyen est 197 sur 270
Statistiques - réponses
Paroles % Correct
à
100%
À
100%
Attention
100%
au
100%
de
100%
départ
100%
s'
97%
deux,
96%
deux
96%
trois,
96%
trois
96%
Un,
96%
un
96%
l'
95%
notre
95%
le
94%
histoire
92%
les
92%
Les
92%
j'
91%
Direction
90%
la
90%
Pour
90%
pour
90%
Je
87%
je
87%
quatre
87%
soir
87%
Et
84%
et
84%
moi
82%
Moi
82%
Moi,
82%
des
75%
dans
74%
sais
74%
chanter
73%
Chanter
73%
joue
73%
Attends,
71%
attends,
71%
violons,
71%
violons
71%
amarres
70%
danser,
70%
guitares
69%
il
69%
Larguez
69%
y
68%
On
66%
peux
66%
vous
65%
Accordez
62%
est
62%
regards
62%
croire
61%
du
61%
jouer
61%
Nous
56%
ou
56%
Si
55%
tambour
55%
puis
53%
tout
53%
fallait
52%
apprendrais
51%
étendard
51%
fait
51%
faire
49%
tous
49%
essayer
48%
étonner
48%
Suivez
48%
vidéo
48%
voler
48%
votre
48%
amour
47%
beaux
47%
feu
47%
tours,
45%
millions
44%
bientôt
43%
essaierais
43%
étions
43%
peut
43%
pros
43%
être
42%
mille
42%
serons
42%
Cracheurs
40%
fil
40%
pourrai
40%
son
40%
tel
40%
connais
39%
rougir
38%
trémolos
38%
vingt
38%
désir
36%
sur
36%
sens
35%
attendrir
34%
bon
34%
lumières
34%
aussi
32%
mentir,
32%
peines
32%
plaisir
32%
séduire,
31%
Bouger
30%
fêlés
29%
fond
29%
cuir
22%
dentelle
19%
Aucun quiz correspondant
Distribution des résultats
% des personnes avec chaque résultat
Percentile par nombre de réponses
Votre historique - résultats
Vous n’avez pas pris ce quiz depuis la dernière actualisation